000 00736nam a22002177a 4500
005 20240530110913.0
008 220209s2009 ua a b 000 0 ara d
017 _bمصر. دار الكتب
040 _aEG-CaGPL
_cEG-CaGPL
082 0 4 _221
_a401/
_bز ى
100 0 _aزين كامل الخويسكى
245 1 0 _aيراع فى علم اللغة العام /
_cزين كامل الخويسكى
250 _aط.1
260 _aالاسكندرية :
_bدار المعرفة الجامعية،
_c2009
300 _a184 ص؛
_c24 سم
650 0 7 _2qrmak
_aعلم اللغة
650 0 7 _2qrmak
_aمناهج البحث اللغوى
651 _2qrmak
942 _2ddc
_cBK
999 _c66338
_d66338